Countries Containing 4 Letter Words - Statistics

General Stats
  • This quiz has been taken 1,742 times
  • The average score is 10 of 15
Answer Stats
Hint Answer % Correct
zeal New Zealand
95%
sing Singapore
95%
cost Costa Rica
94%
pain Spain
90%
many Germany
88%
wait Kuwait
83%
port Portugal
83%
dive Maldives
71%
name Suriname
71%
swan Botswana
59%
love Slovenia
54%
hell Seychelles
48%
king United Kingdom
38%
glad Bangladesh
34%
done Indonesia
31%
No matching quizzes found
Score Distribution
Percent of People with Each Score
Percentile by Number Answered
Your Score History
You have not taken this quiz